Petrarca (Record no. 118735)

MARC details
000 -LEADER
campo de control de longitud fija 00826nam a2200241 4500
001 - NÚMERO DE CONTROL
campo de control 118735
003 - IDENTIFICADOR DE NÚMERO DE CONTROL
campo de control ES-MaACL
005 - FECHA Y HORA DE LA ÚLTIMA TRANSACCIÓN
campo de control 20250805003853.0
007 - CAMPO FIJO DE DESCRIPCIÓN FÍSICA--INFORMACIÓN GENERAL
campo de control de longitud fija t|
008 - DATOS DE LONGITUD FIJA--INFORMACIÓN GENERAL
campo de control de longitud fija 070214s1978 sp r ||||1| spa d
100 1# - ENTRADA PRINCIPAL--NOMBRE DE PERSONA
Nombre de persona Petrarca, Francesco.
9 (RLIN) 91528
245 10 - MENCIÓN DEL TÍTULO
Título Petrarca
Resto del título : obras : prosa /
Mención de responsabilidad, etc. Francesco Petrarca ; al cuidado de Francisco Rico ; textos, prólogo y notas de Pedro M. Cátedra, José M. Tatjer, Carlos Yarza.
260 ## - PUBLICACIÓN, DISTRIBUCIÓN, ETC.
Lugar de publicación, distribución, etc. Madrid :
Nombre del editor, distribuidor, etc. Alfaguara,
Fecha de publicación, distribución, etc. 1978.
300 ## - DESCRIPCIÓN FÍSICA
Extensión LXXXVI, 470 p. ;
Dimensiones 22 cm.
490 1# - MENCIÓN DE SERIE
Mención de serie Clásicos alfaguara
700 1# - ENTRADA AGREGADA--NOMBRE PERSONAL
Nombre de persona Rico, Francisco,
Fechas asociadas al nombre 1942-
9 (RLIN) 97012
700 1# - ENTRADA AGREGADA--NOMBRE PERSONAL
Nombre de persona Cátedra, Pedro M.
9 (RLIN) 37051
700 1# - ENTRADA AGREGADA--NOMBRE PERSONAL
Nombre de persona Tatjer, José M.
9 (RLIN) 109385
700 1# - ENTRADA AGREGADA--NOMBRE PERSONAL
Nombre de persona Yarza, Carlos.
9 (RLIN) 117582
830 0# - PUNTO DE ACCESO ADICIONAL DE SERIE-TÍTULO UNIFORME
Título uniforme Clásicos alfaguara
9 (RLIN) 178833
852 ## - LOCALIZACIÓN
Ubicación ES-MaACL
Número de control de estantería A-9065
Sublocalización o colección R.98161
Holdings
Estatus retirado Estado de pérdida Estado de daño No para préstamo Biblioteca de origen Biblioteca actual Ubicación en estantería Fecha de adquisición Fuente de adquisición Total de préstamos Signatura topográfica completa Código de barras Visto por última vez Precio de reemplazo Tipo de ítem Koha
        Biblioteca del Ateneo de Madrid Biblioteca del Ateneo de Madrid Depósito 1 17/01/2008     A-9065 1123779 23/02/2023 23/02/2023 Libro impreso